| 000 | 00371nam a2200145Ia 4500 | ||
|---|---|---|---|
| 008 | 150201s2008 xx 000 0 und d | ||
| 082 |
_a617.51 _bS08G |
||
| 100 | _aGLEESON, MICHAEL | ||
| 245 | _aSCOTT- BROWN,S OTORHINOLAREYNGOLOGY HEAD AND NECK SURGERY-2 | ||
| 250 | _a7TH | ||
| 260 |
_bHODDER ARNOLD _aUK _c2008 |
||
| 300 | _aJan-09 | ||
| 650 | _aENT | ||
| 942 |
_2ddc _cBK |
||
| 999 |
_c1709 _d1709 |
||